02227cam a22005054i 4500003000900000005001700009008004100026020001500067035002700082040003300109049000900142082000900151100003000160245005700190264004300247300003800290336002100328337002500349338002300374504002800397505021300425526001000638526001000648526001000658526001000668526000800678526000800686526000800694526000800702526000800710526000800718526000800726630002900734910001800763942001400781949012400795949012400919994001401043596000601057999014901063999013801212980005501350952016401405952015201569PE-LiUPU20250731173523.0150616s r 000 0 d a0877847266 a(Sirsi) i9780877847267 aPE-LiUPUbspacPE-LiUPUerda aPRUA04b2211 aDyrness, William,eautor.10aThemes in Old Testament theology /cWilliam Dyrness. 1aIllinois :bInterVarsity Press,c1977. a252 páginas ;c21 centímetros atext2rdacontent aunmediated2rdamedia avolume2rdacarrier aIncluye bibliografía.0 aThe self-revelation of God.- The nature of God.- Creation and providence.- Man and woman.- Sin.- The covenant.- The law.- Worship.- Piety.- Ethics.- Wisdom.- The Spirit of God.- Prophecy.- The Hope of Israel. aSEG42 aSEG41 aSEG40 aSEG39 aP94 aP87 aP86 aP85 aP77 aP76 aP35 aBiblia.pA.T.xTEOLOGIA. ajckbjvqcjck 2ddccBOOK a221 D99wDEWEYc1i42144lCCODEBUL1mBULr0sYtBOOKu2015-4-23xTEOLOGIAzUNKNOWN0COMPRAo.STAFF. Colección General a221 D99wDEWEYc2i49947lCCODEBUL1mBULr0sYtBOOKu2015-6-16xTEOLOGIAzUNKNOWN0COMPRAo.STAFF. Colección General aC0bPEPRU a1 a221 D99wDEWEYc59837i42144f2021-11-9g5lCCODEBUL1mBULr0sYtBOOKu2015-4-23xTEOLOGIAzUNKNOWN0COMPRAo.STAFF. Colección Generald59837 a221 D99wDEWEYc2i49947f2021-11-9g5lCCODEBUL1mBULr0sYtBOOKu2015-6-16xTEOLOGIAzUNKNOWN0COMPRAo.STAFF. Colección General 81gALBERTO SANCHEZ Responsable de Automatización r2025-12-02 00:00:00i6l1o221 D99p42144s2022-09-07te1w2015-04-23xPGyBKzinventario-2023-12-13102ddc50708GENfP87aBULbBULcGENd2015-04-23eCOMPRA r2025-12-02 00:00:00i6l0o221 D99p49947te2w2015-06-16xPGyBKzinventario-2023-12-13102ddc50708GENfP87aBULbBULcGENd2015-06-16eCOMPRA